000 00295nam a2200109 4500
008 160629b xxu||||| |||| 00| 0 eng d
100 _91322
_a Singh, K.C., et al
245 _aA Course in General Studies
260 _aN.D
_b Arya
_c2004
300 _aA Course in General Studies
942 _2ddc
_cBK
999 _c1083
_d1083